Answers to prayer from George Mueller's narratives. (Record no. 14828)

000 -LEADER
fixed length control field 00596nam a2200193 a 4500
001 - CONTROL NUMBER
control field :::00012662$&:&@@
003 - CONTROL NUMBER IDENTIFIER
control field OkBaRHE
005 - DATE AND TIME OF LATEST TRANSACTION
control field 20000607103421.0
008 - FIXED-LENGTH DATA ELEMENTS--GENERAL INFORMATION
fixed length control field s1903 j 000 0 eng u
040 ## - CATALOGING SOURCE
Transcribing agency
100 1# - MAIN ENTRY--PERSONAL NAME
Personal name Mueller, George, 1805-1898.
245 10 - TITLE STATEMENT
Title Answers to prayer from George Mueller's narratives.
260 ## - PUBLICATION, DISTRIBUTION, ETC. (IMPRINT)
Place of publication, distribution, etc Chicago, IL., :
Name of publisher, distributor, etc Moody Press
Date of publication, distribution, etc 1903
300 ## - PHYSICAL DESCRIPTION
Extent 128 p. ;
Dimensions 17 cm.
650 ## - SUBJECT ADDED ENTRY--TOPICAL TERM
Topical term or geographic name as entry element Prayer
700 ## - ADDED ENTRY--PERSONAL NAME
Personal name Brooks, A. E. C., Comp.
942 ## - ADDED ENTRY ELEMENTS (KOHA)
Source of classification or shelving scheme
Koha item type Books
Copies
Date acquired Damaged status Barcode Date last seen Full call number Shelving location Lost status Not for loan Copy number Withdrawn status Permanent Location Price effective from Source of classification or shelving scheme Koha item type
2010-04-14 126622010-04-14HV 247 .M8A32General Stacks  1 RHEMA Bible Training College2010-04-14 Books